[Event "7th Malaysia Open"]
[Site "Kuala Lumpur MAS"]
[Date "2010.09.02"]
[Round "2"]
[White "Masruri,R"]
[Black "Sean,W"]
[Result "1-0"]
[WhiteElo "2027"]
[BlackElo "1789"]
[EventDate "2010.09.01"]

1. e4 d5 2. exd5 Nf6 3. d4 Nxd5 4. Be2 Bf5 5. Nf3 e6 6. O-O Be7 7. Re1 O-O
8. c3 c5 9. Nbd2 Nf4 10. Bf1 Nd3 11. Bxd3 Bxd3 12. Nb3 c4 13. Ne5 cxb3 14.
Qxd3 bxa2 15. Qf3 Qc7 16. Qg4 Nd7 17. Bh6 Bf6 18. Bf4 Bxe5 19. dxe5 Kh8 20.
Rxa2 Qc4 21. Raa1 Nc5 22. Qf3 Rad8 23. Bg5 Rd3 24. Qe2 a6 25. h3 Rc8 26.
Be3 Nb3 27. Ra4 Qd5 28. Rb4 Rd8 29. Qh5 Rd1 30. Rxd1 Qxd1+ 31. Qxd1 Rxd1+
32. Kh2 Na5 33. Rb6 h6 34. b4 Nc4 35. Rxb7 Nxe5 36. Bd4 Nc6 37. Bc5 Ne5 38.
Ra7 Nd3 39. Be3 Ne5 40. Rxa6 Nc4 41. Rc6 1-0

[Event "7th Malaysia Open"]
[Site "Kuala Lumpur MAS"]
[Date "2010.09.02"]
[Round "2"]
[White "Azarya,J"]
[Black "Polovina,E"]
[Result "1-0"]
[WhiteElo "1730"]
[BlackElo "2038"]
[EventDate "2010.09.01"]

1. d4 Nf6 2. b3 e6 3. Bb2 d5 4. e3 c5 5. Nf3 Nc6 6. Nbd2 Bd6 7. Bd3 O-O 8.
O-O b6 9. Ne5 Bb7 10. f4 Ne7 11. Qf3 Rc8 12. Qh3 Ne4 13. Ndf3 Nf5 14. Bxe4
dxe4 15. Ng5 h6 16. Ngxf7 Rxf7 17. Nxf7 Kxf7 18. d5 Bxd5 19. Rad1 c4 20.
Rxd5 c3 21. Ba3 Qe7 22. Rxf5+ exf5 1-0

[Event "7th Malaysia Open"]
[Site "Kuala Lumpur MAS"]
[Date "2010.09.02"]
[Round "2"]
[White "Haslindah,R"]
[Black "Hj,Azahari Md Aliuddin"]
[Result "0-1"]
[WhiteElo "1662"]
[BlackElo "2072"]
[EventDate "2010.09.01"]

1. Nf3 Nf6 2. c4 c6 3. Nc3 d5 4. d4 e6 5. Bg5 dxc4 6. e4 b5 7. e5 h6 8.
Bxf6 gxf6 9. a4 Bb4 10. axb5 cxb5 11. Be2 Bb7 12. Kf1 a6 13. Rg1 Nd7 14.
exf6 Qxf6 15. Qc2 Rd8 16. Rd1 Nb6 17. Ne4 Qg6 18. Nd6+ Bxd6 19. Qxg6 fxg6
20. Nh4 Kf7 21. h3 Na4 22. Bf3 Bxf3 23. Nxf3 Nxb2 24. Ra1 Ra8 25. Ke2 c3
26. Rgc1 b4 27. Rc2 Rhc8 28. Rac1 Bf4 29. Ne5+ Kg7 30. Ra1 b3 31. Rxb2 cxb2
32. Rb1 Bxe5 33. dxe5 Rc1 34. Rxb2 Rc2+ 35. Rxc2 bxc2 36. Kd2 Rc8 0-1

[Event "7th Malaysia Open"]
[Site "Kuala Lumpur MAS"]
[Date "2010.09.02"]
[Round "2"]
[White "Nayan,A"]
[Black "Tan,Fischer"]
[Result "1-0"]
[WhiteElo "2048"]
[BlackElo "1530"]
[EventDate "2010.09.01"]

1. d4 c6 2. Nf3 Na6 3. g3 e6 4. Bg2 Nc7 5. c4 d5 6. O-O Nf6 7. Qc2 Nd7 8.
e4 dxc4 9. Qxc4 Be7 10. Bf4 O-O 11. Nbd2 Ne8 12. Rfd1 Qa5 13. a3 Qh5 14.
Nf1 g5 15. Be3 Ng7 16. Qc1 h6 17. Ne1 f5 18. f4 fxe4 19. fxg5 hxg5 20. Nd2
Nf5 21. Nxe4 Qe2 22. Bxg5 Nxd4 23. Bxe7 Qg4 24. Rxd4 1-0

[Event "7th Malaysia Open"]
[Site "Kuala Lumpur MAS"]
[Date "2010.09.02"]
[Round "3"]
[White "Satyapragyan,S"]
[Black "Gupta,Ab"]
[Result "1/2-1/2"]
[WhiteElo "2451"]
[BlackElo "2595"]
[EventDate "2010.09.01"]

1. e4 e5 2. Nf3 Nc6 3. Nc3 Nf6 4. Bb5 Nd4 5. O-O Nxb5 6. Nxb5 c6 7. Nc3 d6
8. d4 Qc7 9. h3 Be7 10. a4 O-O 11. b3 Re8 12. Ba3 Bf8 13. dxe5 dxe5 14.
Bxf8 Rxf8 15. Qd3 Be6 16. Rfd1 Rad8 17. Qe3 a5 18. Rxd8 Rxd8 19. Rd1 Rxd1+
20. Nxd1 h6 21. Nb2 Nd7 22. Qa7 Kh7 23. Nd2 Qb6 24. Qxb6 Nxb6 25. Nbc4 Bxc4
26. Nxc4 Nxc4 27. bxc4 Kg6 28. f3 f5 29. g3 Kg5 30. Kf2 g6 31. c5 1/2-1/2

[Event "7th Malaysia Open"]
[Site "Kuala Lumpur MAS"]
[Date "2010.09.02"]
[Round "3"]
[White "Zhou Weiqi"]
[Black "Ashwin,J"]
[Result "1/2-1/2"]
[WhiteElo "2569"]
[BlackElo "2431"]
[EventDate "2010.09.01"]

1. d4 Nf6 2. c4 g6 3. Nc3 Bg7 4. g3 O-O 5. Bg2 d6 6. Nf3 Nbd7 7. O-O e5 8.
e4 exd4 9. Nxd4 Re8 10. h3 Nc5 11. Re1 Bd7 12. Bf4 h6 13. b4 Ne6 14. Nxe6
Bxe6 15. Nd5 c6 16. Nxf6+ Bxf6 17. Rc1 a5 18. bxa5 Bg5 19. Bxg5 hxg5 20. c5
Qxa5 21. cxd6 Qe5 22. Rc2 Red8 23. Rd2 Rxa2 24. Rxa2 Bxa2 25. Qa1 Qxa1 26.
Rxa1 Be6 27. e5 f6 28. f4 gxf4 29. gxf4 Kf7 30. Ra7 Rd7 31. Kf2 g5 32. Ke3
Bf5 33. Ra8 Ke6 34. Re8+ Kf7 35. Rh8 fxe5 36. fxe5 Ke6 37. Re8+ Kf7 38. Rh8
Ke6 39. Re8+ Kf7 40. Rh8 Ke6 1/2-1/2

[Event "7th Malaysia Open"]
[Site "Kuala Lumpur MAS"]
[Date "2010.09.02"]
[Round "3"]
[White "Murshed,N"]
[Black "Laxman,R"]
[Result "0-1"]
[WhiteElo "2411"]
[BlackElo "2498"]
[EventDate "2010.09.01"]

1. d4 Nf6 2. Nf3 e6 3. Bg5 h6 4. Bxf6 Qxf6 5. e4 d6 6. Nc3 c6 7. e5 Qd8 8.
exd6 Bxd6 9. Ne4 Be7 10. Bd3 Qb6 11. Qc1 Nd7 12. O-O c5 13. dxc5 Nxc5 14.
Nxc5 Bxc5 15. c3 O-O 16. Qc2 Bd7 17. Ne5 Bb5 18. Rad1 Rad8 19. a4 Bxd3 20.
Rxd3 Rxd3 21. Nxd3 Bd6 22. c4 Rc8 23. Rc1 Qd4 24. Qc3 Qe4 25. h3 a5 26. b3
b6 27. Rd1 Rd8 28. Kf1 Bc5 29. Qe1 Qd4 30. Nb2 Qf6 31. Rxd8+ Qxd8 32. Qc3
e5 33. Qc2 Qd4 34. Nd1 e4 35. Ne3 g6 36. Ke2 f5 37. Qd2 Qxd2+ 38. Kxd2 Kf7
39. Ke2 Bxe3 40. Kxe3 Ke6 41. Kd4 Kd6 42. g4 h5 43. gxh5 gxh5 44. h4 Ke6
45. c5 bxc5+ 46. Kxc5 f4 47. Kc4 Ke5 48. Kc3 f3 0-1

[Event "7th Malaysia Open"]
[Site "Kuala Lumpur MAS"]
[Date "2010.09.02"]
[Round "3"]
[White "Khamrakulov,D"]
[Black "Duong The Anh"]
[Result "1/2-1/2"]
[WhiteElo "2485"]
[BlackElo "2420"]
[EventDate "2010.09.01"]

1. e4 e6 2. d4 d5 3. Nd2 h6 4. Bd3 c5 5. dxc5 Bxc5 6. exd5 exd5 7. Ngf3 Nf6
8. Nb3 Be7 9. O-O Nc6 10. Re1 O-O 11. Nfd4 Bd6 12. Nf5 Bxf5 13. Bxf5 Qc7
14. h3 Rfe8 15. Bd2 Rxe1+ 16. Bxe1 Bh2+ 17. Kh1 Be5 18. c3 Rd8 19. Rc1 Bf4
20. Rc2 Qb6 21. g3 Bd6 22. f4 Qa6 23. Bf2 Qxa2 24. Nd4 Qa5 25. Nxc6 bxc6
26. Bd4 Ne4 27. b4 Qa6 28. Bxe4 dxe4 29. Re2 Re8 30. Kg2 c5 31. bxc5
1/2-1/2

[Event "7th Malaysia Open"]
[Site "Kuala Lumpur MAS"]
[Date "2010.09.02"]
[Round "3"]
[White "Schebler,G"]
[Black "Nguyen Duc Hoa"]
[Result "0-1"]
[WhiteElo "2474"]
[BlackElo "2385"]
[EventDate "2010.09.01"]

1. Nf3 Nf6 2. g3 d5 3. Bg2 e6 4. O-O Be7 5. c4 O-O 6. d4 c6 7. Qc2 b6 8.
Rd1 Ba6 9. Nbd2 Nbd7 10. b3 Rc8 11. e4 dxe4 12. Nxe4 Nxe4 13. Qxe4 b5 14.
c5 Nxc5 15. Qg4 f5 16. Qf4 Ne4 17. Qe3 c5 18. Ba3 c4 19. bxc4 b4 20. Bb2
Bxc4 21. a3 b3 22. Nd2 Nxd2 23. Rxd2 Bd5 24. Re1 Rc6 25. Qd3 Bxg2 26. Kxg2
Qd5+ 27. Qf3 Bf6 28. Rd3 Rb8 29. Re2 a5 30. a4 Rc4 31. Rde3 Rxa4 32. Rxe6
Qxf3+ 33. Kxf3 Bxd4 0-1

[Event "7th Malaysia Open"]
[Site "Kuala Lumpur MAS"]
[Date "2010.09.02"]
[Round "3"]
[White "Yu Ruiyuan"]
[Black "Vijayalakshmi,S"]
[Result "1-0"]
[WhiteElo "2381"]
[BlackElo "2466"]
[EventDate "2010.09.01"]

1. e4 e5 2. Nf3 Nc6 3. d4 exd4 4. Bc4 Bc5 5. c3 Nf6 6. cxd4 Bb4+ 7. Bd2
Bxd2+ 8. Nbxd2 d5 9. exd5 Nxd5 10. Qb3 Nce7 11. O-O O-O 12. Rfe1 c6 13. Ne4
Nb6 14. Bd3 Bf5 15. Nc5 Bxd3 16. Qxd3 Qc7 17. Re4 Ng6 18. Ne5 Nxe5 19. dxe5
Rad8 20. Qe2 Rd5 21. Nb3 Rfd8 22. Re1 Nd7 23. e6 fxe6 24. Nd4 Nc5 25. Nxe6
Nxe6 26. Rxe6 Rf8 27. Re7 Qf4 28. g3 Qf6 29. Rxb7 h5 30. Rxa7 Re5 31. Qc4+
Kh8 32. Rf1 Re1 33. Qc5 Rxf1+ 34. Kxf1 Qf3 35. Ra3 Qh1+ 36. Ke2 Rd8 37. Rd3
Qe4+ 38. Qe3 Qc4 39. b3 Qa6 40. a4 Rd5 41. Qe8+ Kh7 42. Qe4+ Kh6 43. Qc4
Re5+ 44. Kf1 Qa5 45. b4 Qc7 46. b5 Qe7 47. bxc6 Rc5 48. Qf4+ Kh7 49. Re3
Qd8 50. Qe4+ Kh6 51. Rd3 Qf8 52. Qe3+ Kh7 53. Rc3 Rd5 54. Qe4+ 1-0

[Event "7th Malaysia Open"]
[Site "Kuala Lumpur MAS"]
[Date "2010.09.02"]
[Round "3"]
[White "Dutta,J"]
[Black "Nguyen Anh Dung"]
[Result "0-1"]
[WhiteElo "2355"]
[BlackElo "2500"]
[EventDate "2010.09.01"]

1. d4 Nf6 2. Nf3 e6 3. Bf4 b6 4. e3 Bb7 5. Nbd2 d5 6. Bd3 Bd6 7. O-O O-O 8.
c3 Nbd7 9. Qc2 Qe7 10. Ne5 h6 11. h3 c5 12. Bh2 Rac8 13. f4 a6 14. Bg3 b5
15. Qd1 Ne4 16. Be1 cxd4 17. cxd4 Nb6 18. Ndf3 Na4 19. Qb3 Rfe8 20. Ba5 f6
21. Ng4 Kh8 22. Nh4 Qd7 23. Rad1 Qf7 24. Be1 Nb6 25. Ne5 Bxe5 26. fxe5 Nc4
27. Be2 g5 28. Nf3 f5 29. Nh2 Qg6 30. a4 Bc6 31. a5 h5 32. Rd3 g4 33. h4 b4
34. Qa2 Bb5 35. g3 Ncd2 36. Rxd2 Nxd2 37. Bxb5 Nxf1 38. Bxf1 Rc1 39. Bxb4
f4 40. exf4 Qd3 41. Qa3 Qxd4+ 42. Kh1 Qf2 43. Qd3 Rc2 0-1

[Event "7th Malaysia Open"]
[Site "Kuala Lumpur MAS"]
[Date "2010.09.02"]
[Round "3"]
[White "Iuldachev,S"]
[Black "Ding Yixin"]
[Result "1-0"]
[WhiteElo "2496"]
[BlackElo "2379"]
[EventDate "2010.09.01"]

1. e4 c5 2. Nc3 d6 3. f4 Nc6 4. Nf3 g6 5. Bb5 Bg7 6. d3 Bd7 7. O-O a6 8.
Bxc6 Bxc6 9. Qe1 b5 10. Kh1 b4 11. Nd1 Nf6 12. Rb1 O-O 13. b3 Nd7 14. f5 e6
15. fxe6 fxe6 16. Qg3 Ne5 17. Bg5 Qd7 18. Nf2 Nxf3 19. gxf3 a5 20. Ng4 a4
21. Bh6 Bxh6 22. Nxh6+ Kg7 23. Ng4 e5 24. f4 exf4 25. Rxf4 Rxf4 26. Qxf4
Rf8 27. Qg3 Qe6 28. Re1 a3 29. Rg1 Rf7 30. Ne3 Kh8 31. Nc4 Rd7 32. Rf1 Kg7
33. Ne3 Rd8 34. Qh4 Re8 35. Ng4 h5 36. Nf6 Rh8 37. Qg5 Bb7 38. h4 Bc6 39.
Rf2 Bb7 40. Qf4 Bc6 41. Qg5 Ba8 42. Rf5 Bc6 43. Qg3 Kh6 44. Rxh5+ Kg7 45.
Rxh8 Kxh8 1-0

[Event "7th Malaysia Open"]
[Site "Kuala Lumpur MAS"]
[Date "2010.09.02"]
[Round "3"]
[White "Rej,T"]
[Black "Xu Yuhua"]
[Result "1/2-1/2"]
[WhiteElo "2340"]
[BlackElo "2475"]
[EventDate "2010.09.01"]

1. d4 Nf6 2. c4 e6 3. Nf3 b6 4. g3 Ba6 5. b3 Bb4+ 6. Bd2 Be7 7. Bg2 c6 8.
O-O O-O 9. Bc3 d5 10. Ne5 Nfd7 11. Nxd7 Nxd7 12. Nd2 f5 13. Bb2 Bd6 14. Rc1
Qe7 15. Nf3 Rad8 16. Qc2 b5 17. c5 Bc7 18. b4 g5 19. Ne5 Nxe5 20. dxe5 Qg7
21. f4 Kh8 22. e3 Ra8 23. Ra1 Bb7 24. a4 a6 25. axb5 axb5 26. Rxa8 Bxa8 27.
Bd4 Bb7 28. Ra1 h6 29. Qe2 g4 30. Kf2 Kg8 31. Ke1 1/2-1/2

[Event "7th Malaysia Open"]
[Site "Kuala Lumpur MAS"]
[Date "2010.09.02"]
[Round "3"]
[White "Deshmukh,A"]
[Black "Roy Chowdhury,S"]
[Result "1/2-1/2"]
[WhiteElo "2326"]
[BlackElo "2457"]
[EventDate "2010.09.01"]

1. c4 Nf6 2. Nc3 c5 3. Nf3 Nc6 4. g3 d6 5. d4 cxd4 6. Nxd4 g6 7. Bg2 Bd7 8.
Nc2 Bg7 9. O-O O-O 10. b3 Qc8 11. Bb2 Bh3 12. Rb1 Bxg2 13. Kxg2 Qd7 14. e4
Rfd8 15. Qe2 e6 16. Rfd1 Qe7 17. Ne3 a6 18. Rd2 Ne8 19. Rbd1 b6 20. h4 h5
21. f4 Qb7 22. g4 hxg4 23. Nxg4 b5 24. h5 gxh5 25. Nf2 b4 26. Na4 Ne7 27.
Qxh5 Ng6 28. Kf3 Qe7 29. Bxg7 Nxg7 30. Qh6 Qf6 31. Rh1 d5 32. cxd5 exd5 33.
exd5 Nf5 34. Qg5 Nd4+ 35. Kg3 Qxg5+ 36. fxg5 Rxd5 37. Ne4 Nf5+ 38. Kg4 Rxd2
39. Nxd2 Ne3+ 40. Kf3 Nd5 41. Ne4 1/2-1/2

[Event "7th Malaysia Open"]
[Site "Kuala Lumpur MAS"]
[Date "2010.09.02"]
[Round "3"]
[White "Wan Yunguo"]
[Black "Lu Yijie"]
[Result "1-0"]
[WhiteElo "2450"]
[BlackElo "2308"]
[EventDate "2010.09.01"]

1. e4 c5 2. Nf3 d6 3. d4 cxd4 4. Nxd4 Nf6 5. Nc3 a6 6. Be3 e6 7. f4 b5 8.
e5 dxe5 9. fxe5 Nd5 10. Qf3 Nxe3 11. Qxa8 Bc5 12. Qxb8 O-O 13. Qa8 Qh4+ 14.
Ke2 Qxd4 15. Qe4 Qd7 16. Qd3 Qc7 17. Ne4 Ba7 18. Qc3 Qb6 19. Kd2 b4 20. Qb3
Bb7 21. Nd6 Rd8 22. Re1 Qd4+ 23. Kc1 Bd5 24. Qd3 Qf4 25. Kb1 Qxe5 26. Nc4
Qg5 27. h4 Qg3 28. Rd1 Nxf1 29. Rhxf1 Qc7 30. b3 Rc8 31. Rd2 f5 32. Re1 h6
33. h5 a5 34. g4 f4 35. g5 hxg5 36. Qg6 Be3 37. Nxe3 fxe3 38. Rxe3 Qf4 39.
Rde2 Qf1+ 40. Re1 Qf6 41. Re5 a4 42. Rxg5 Qc3 43. Reg1 a3 44. Qxg7+ Qxg7
45. Rxg7+ Kh8 46. R7g4 1-0

[Event "7th Malaysia Open"]
[Site "Kuala Lumpur MAS"]
[Date "2010.09.02"]
[Round "3"]
[White "Dragicevic,Do"]
[Black "Dao Thien Hai"]
[Result "0-1"]
[WhiteElo "2195"]
[BlackElo "2520"]
[EventDate "2010.09.01"]

1. e4 c5 2. Nc3 Nc6 3. g3 g6 4. Bg2 Bg7 5. d3 d6 6. Be3 e5 7. Nge2 Nge7 8.
O-O O-O 9. Qd2 Nd4 10. f4 Rb8 11. Rf2 b5 12. Raf1 b4 13. Nd1 Bg4 14. Nc1
exf4 15. Bxf4 Bxd1 16. Rxd1 Ne6 17. Bh6 Bxb2 18. Bxf8 Qxf8 19. Ne2 Be5 20.
Bh3 Nd4 21. Kg2 Nxe2 22. Qxe2 Nc6 23. Rdf1 Nd4 24. Qg4 Rb7 25. Qc8 Re7 26.
Qxf8+ Kxf8 27. Bc8 a5 28. Ba6 Kg7 29. Bc4 f6 30. h4 h6 31. h5 g5 32. Kh3 a4
33. Kg4 a3 34. Rd1 Rd7 35. Rdf1 Rd8 36. Rg2 Nc6 37. Kf5 Re8 38. Kg4 Ne7 39.
Re2 Bd4 40. Bb3 Nc6 41. Kh3 Re7 42. Bd5 Ne5 43. Rf5 Nd7 44. Kg4 Nb6 45. Bb3
Bc3 46. Re3 Be5 47. Rf1 Bd4 48. Ref3 c4 49. Bxc4 Nxc4 50. dxc4 Rxe4+ 51.
Kf5 Re5+ 52. Kg4 Re2 53. Rd3 Bc5 54. Rdf3 Re4+ 55. Kf5 Re5+ 56. Kg4 Re4+
57. Kf5 Re5+ 58. Kg4 Re6 59. c3 bxc3 60. Rxc3 Re4+ 61. Kf5 Re5+ 62. Kg4
Re4+ 63. Kf5 Re5+ 64. Kg4 Kf7 65. Rcf3 Re4+ 66. Kf5 Rxc4 67. Rb3 Bb4 68.
Rfb1 Rc5+ 69. Ke4 Re5+ 70. Kf3 Bc5 71. g4 Ke6 72. Rd3 f5 73. Rb8 fxg4+ 74.
Kxg4 Re4+ 75. Kg3 Rh4 76. Re8+ Kd7 77. Re2 Rxh5 78. Rh2 Rxh2 79. Kxh2 h5
80. Rd5 Be3 81. Rd3 Bc1 82. Rd1 Bf4+ 83. Kg2 Ke6 84. Rd3 Bc1 85. Rc3 Bb2
86. Re3+ Kf5 87. Rd3 Ke5 88. Re3+ Kf4 89. Rd3 g4 90. Rxd6 h4 91. Rd3 h3+
92. Kh2 Ke4 93. Rb3 Be5+ 94. Kh1 g3 0-1

[Event "7th Malaysia Open"]
[Site "Kuala Lumpur MAS"]
[Date "2010.09.02"]
[Round "3"]
[White "Abdullah,AlS"]
[Black "Pham Chuong"]
[Result "0-1"]
[WhiteElo "2125"]
[BlackElo "2361"]
[EventDate "2010.09.01"]

1. e4 c5 2. Nf3 d6 3. d4 cxd4 4. Nxd4 Nf6 5. Nc3 g6 6. Be3 Bg7 7. f3 Nc6 8.
Qd2 O-O 9. Bc4 Bd7 10. O-O-O Re8 11. Bb3 Nxd4 12. Bxd4 b5 13. e5 dxe5 14.
Bxe5 Bc6 15. Qxd8 Rexd8 16. Rxd8+ Rxd8 17. Rd1 Bh6+ 18. Kb1 Rxd1+ 19. Nxd1
Nd5 20. g3 Ne3 21. Nc3 Nc4 22. Bxc4 bxc4 23. f4 g5 24. Ne2 gxf4 25. Bxf4
Bg7 26. Be3 a6 27. b3 cxb3 28. axb3 f5 29. c4 e5 30. Ka2 Kf7 31. Ka3 Bf8+
32. c5 Be7 33. Kb4 Bd8 34. Nc3 Be7 35. Kc4 Ke6 36. Bf2 Bg2 37. Na2 Bf1+ 38.
Kc3 Bb5 39. b4 Bd8 40. Kb3 Kd5 41. Nc3+ Kc6 42. Be3 Bc7 43. Bf2 h5 44. Nd1
f4 45. gxf4 exf4 46. Nc3 Bd3 47. h4 Be5 48. Bg1 Kd7 49. Nd5 Ke6 50. Nb6 Bb5
51. Nc8 Kd5 52. Na7 Bd7 53. Kc2 Bb8 54. c6 Bxc6 55. Nxc6 Kxc6 56. Bf2 Bd6
57. Kd3 Bxb4 58. Ke4 Bd2 59. Kf5 Be3 0-1

[Event "7th Malaysia Open"]
[Site "Kuala Lumpur MAS"]
[Date "2010.09.02"]
[Round "3"]
[White "Laksana,Agusta"]
[Black "Chong Chor Yuen"]
[Result "1-0"]
[WhiteElo "2373"]
[BlackElo "2063"]
[EventDate "2010.09.01"]

1. e4 e5 2. Nf3 Nc6 3. d4 exd4 4. Bc4 Nf6 5. e5 d5 6. Bb5 Ne4 7. Nxd4 Bd7
8. Nxc6 bxc6 9. Bd3 Nc5 10. Be2 Be7 11. O-O O-O 12. Be3 Qb8 13. b3 Rd8 14.
c3 a5 15. Nd2 Ne6 16. f4 Bc5 17. Bxc5 Nxc5 18. f5 Qb6 19. Kh1 Re8 20. e6
fxe6 21. f6 gxf6 22. Rxf6 Rf8 23. Qf1 e5 24. Qf3 Rxf6 25. Qxf6 Rf8 26. Qg5+
Kh8 27. Qxe5+ Kg8 28. Qg5+ Kh8 29. Qe7 Kg8 30. Rf1 Rxf1+ 31. Bxf1 Bf5 32.
Qe8+ Kg7 33. Qe5+ Kg6 34. Nf3 Be4 35. Qe8+ Kf6 36. Qf8+ Ke6 37. Nd4+ Kd7
38. Be2 Ne6 39. Bg4 1-0

[Event "7th Malaysia Open"]
[Site "Kuala Lumpur MAS"]
[Date "2010.09.02"]
[Round "3"]
[White "Hj,Azahari Md Aliuddin"]
[Black "Li Hanbin"]
[Result "1/2-1/2"]
[WhiteElo "2072"]
[BlackElo "2348"]
[EventDate "2010.09.01"]

1. e4 c5 2. Nf3 Nc6 3. d4 cxd4 4. Nxd4 Nf6 5. Nc3 e5 6. Ndb5 d6 7. Bg5 a6
8. Na3 b5 9. Nd5 Be7 10. Bxf6 Bxf6 11. c3 Bg5 12. Nc2 Ne7 13. Nxe7 Qxe7 14.
a4 bxa4 15. Rxa4 O-O 16. Bc4 Qc7 17. Bd5 Rb8 18. Ra2 Rxb2 19. O-O Qxc3 20.
Rxb2 Qxb2 21. Ne1 a5 22. Nf3 Be7 23. Qa4 Qc3 24. Ra1 Bd8 25. Rb1 Qc7 26. h3
Kh8 27. Qa3 g6 28. Nxe5 Bf6 29. Nc4 Qc5 30. Qxa5 Bd4 31. Qd2 Be6 32. Ne3
Rc8 33. Rd1 Bc3 34. Qd3 Be5 35. Ng4 Bxg4 36. hxg4 Rb8 37. Qf3 f6 38. g3 Kg7
39. Kg2 Rb2 40. g5 Rb8 41. Qg4 Qc8 1/2-1/2

[Event "7th Malaysia Open"]
[Site "Kuala Lumpur MAS"]
[Date "2010.09.02"]
[Round "3"]
[White "Nguyen Thi Thanh An"]
[Black "Nayan,A"]
[Result "1-0"]
[WhiteElo "2306"]
[BlackElo "2048"]
[EventDate "2010.09.01"]

1. d4 Nf6 2. Nf3 g6 3. Bf4 Bg7 4. e3 d6 5. h3 c6 6. c3 O-O 7. Nbd2 Qe8 8.
Be2 a5 9. O-O b6 10. Bh2 Nfd7 11. a4 Ba6 12. Nc4 d5 13. Nce5 f6 14. Nxd7
Nxd7 15. Bxa6 Rxa6 16. Qe2 Ra8 17. e4 e6 18. Bd6 Rf7 19. Rfe1 Qd8 20. c4
Bf8 21. Bg3 Bb4 22. Rec1 Nf8 23. b3 Rc8 24. Rc2 Rd7 25. Bh4 g5 26. Bg3 dxe4
27. Qxe4 f5 28. Qe2 f4 29. Bh2 c5 30. dxc5 Rxc5 31. Kh1 Qf6 32. Rg1 h6 33.
Qe4 Qh8 34. Re2 1-0

[Event "7th Malaysia Open"]
[Site "Kuala Lumpur MAS"]
[Date "2010.09.02"]
[Round "3"]
[White "Xu Yi"]
[Black "Mahmud,S"]
[Result "0-1"]
[WhiteElo "2039"]
[BlackElo "2312"]
[EventDate "2010.09.01"]

1. e4 d6 2. d4 g6 3. Be3 Bg7 4. Qd2 Nd7 5. f3 c6 6. c4 Ngf6 7. Nc3 O-O 8.
Bh6 e5 9. Bxg7 Kxg7 10. d5 cxd5 11. cxd5 a6 12. a4 Nc5 13. Qc2 Qa5 14. Nge2
b5 15. b4 Qxb4 16. axb5 Bd7 17. bxa6 Rfc8 18. Rb1 Qa5 19. Qd2 Rxa6 20. Nc1
Rb6 21. Rxb6 Qxb6 22. Be2 Nh5 23. Qe3 Qb2 24. O-O Nb3 25. N1a2 Nd4 26. Rf2
Nf4 27. Bb5 Nc2 28. Bxd7 Qa1+ 29. Qc1 Qxc1+ 30. Nxc1 Rxc3 31. Ne2 Rc5 32.
Nxf4 exf4 33. h4 Ne3 34. Kh2 Kf6 35. g3 Ke5 36. Bh3 f6 37. Be6 Rc3 38. Bg8
Ng4+ 0-1

[Event "7th Malaysia Open"]
[Site "Kuala Lumpur MAS"]
[Date "2010.09.02"]
[Round "3"]
[White "Lim,C"]
[Black "Azman Hisham,M"]
[Result "1-0"]
[WhiteElo "2302"]
[BlackElo "2046"]
[EventDate "2010.09.01"]

1. d4 Nf6 2. c4 e6 3. g3 d5 4. Nf3 dxc4 5. Qc2 Nbd7 6. Qxc4 c5 7. Bg2 Nb6
8. Qd3 cxd4 9. Nxd4 a6 10. O-O Be7 11. Rd1 e5 12. Nf3 Qxd3 13. exd3 Bg4 14.
Re1 Bxf3 15. Bxf3 Nbd5 16. a3 Bd6 17. d4 e4 18. Nd2 O-O 19. Nxe4 Nxe4 20.
Bxe4 Rae8 21. Bd2 Nf6 22. Bf3 b6 23. Rxe8 Rxe8 24. Rc1 Bf8 25. Rc6 Re6 26.
Rc8 a5 27. Bf4 Re8 28. Rc6 Rd8 29. Be3 Rb8 30. d5 b5 31. Bf4 Rd8 32. Bc7
Rd7 33. Bxa5 Ne8 34. Rc8 Nd6 35. Rb8 f5 36. Bb4 Kf7 37. Be2 Be7 38. Kg2 Bf6
39. b3 Bd4 40. Bxb5 Nxb5 41. Rxb5 g6 42. d6 Ke6 43. Rb8 Bf6 44. Re8+ Kf7
45. Rc8 Bd8 46. Bc5 Ke6 47. b4 Kd5 48. a4 f4 49. a5 Kc4 50. gxf4 h5 51. a6
h4 52. a7 h3+ 53. Kf1 1-0

[Event "7th Malaysia Open"]
[Site "Kuala Lumpur MAS"]
[Date "2010.09.02"]
[Round "3"]
[White "Vakhidov,J"]
[Black "Capel,E"]
[Result "1-0"]
[WhiteElo "2272"]
[BlackElo "2030"]
[EventDate "2010.09.01"]

1. d4 Nf6 2. c4 c5 3. Nf3 cxd4 4. Nxd4 e5 5. Nb5 d5 6. cxd5 Bc5 7. N5c3 O-O
8. g3 Bf5 9. Bg2 e4 10. a3 Nbd7 11. O-O Nb6 12. Bg5 Re8 13. Nd2 Be7 14.
Bxf6 Bxf6 15. Ndxe4 Bxe4 16. Nxe4 Bxb2 17. Ra2 Be5 18. Nc5 Qe7 19. Nd3 Bd6
20. e4 Bxa3 21. e5 Nc4 22. Qb3 Rec8 23. d6 Bxd6 24. exd6 Nxd6 25. Nf4 Rc5
26. Qb4 Rb5 27. Qd4 a5 28. Rd1 Nf5 29. Qd3 Re5 30. Nd5 Qe6 31. Raa1 Qd6 32.
Rac1 g6 33. Qc3 Rf8 34. Nb6 Nd4 35. Rxd4 Qxb6 36. Rd7 Re2 37. Qf3 Qb2 38.
Rcd1 b5 39. Qf4 Qe5 40. Qxe5 Rxe5 41. R7d5 Rfe8 42. f4 Rxd5 43. Rxd5 Re1+
44. Kf2 Rb1 45. Bf1 Rb2+ 46. Be2 a4 47. Rxb5 Ra2 48. Ke3 Ra3+ 49. Bd3 f5
50. Rb7 Ra1 51. Bc4+ Kh8 52. Kd4 Re1 53. Ra7 a3 54. Rxa3 Re7 55. Bd5 Kg7
56. Rb3 Kh6 57. Rb7 Re8 58. h3 Rf8 59. Rf7 Rh8 60. g4 fxg4 61. hxg4 Rd8 62.
Ke4 1-0

[Event "7th Malaysia Open"]
[Site "Kuala Lumpur MAS"]
[Date "2010.09.02"]
[Round "3"]
[White "Safarian,Al"]
[Black "Morris,J"]
[Result "0-1"]
[WhiteElo "2026"]
[BlackElo "2262"]
[EventDate "2010.09.01"]

1. d4 c5 2. d5 Nf6 3. c4 b5 4. cxb5 a6 5. f3 axb5 6. e4 Qa5+ 7. b4 cxb4 8.
Bd2 d6 9. Qb3 Na6 10. a3 Bd7 11. Ra2 Nc5 12. Qxb4 Qxb4 13. Bxb4 g6 14. Nc3
Na6 15. Rb2 Nxb4 16. Rxb4 Bg7 17. Bxb5 Rxa3 18. Ra4 Rxa4 19. Bxa4 O-O 20.
Bxd7 Nxd7 21. Nge2 Rc8 22. Kd2 f5 23. Rb1 Nc5 24. Rb4 fxe4 25. Nxe4 Bh6+
26. Kd1 Kf7 27. Rc4 Ke8 28. Nd4 Kd7 29. Nc6 Nd3 30. Rd4 Nf4 31. Nc3 Nxg2
32. Re4 e5 33. Ra4 Ne3+ 34. Ke2 Nxd5 35. Nxd5 Ke6 36. Nxe5 Kxe5 37. Ne3
Bxe3 38. Kxe3 Rc3+ 39. Kf2 Rc2+ 40. Kg3 d5 41. f4+ Kf5 42. Rd4 Rc3+ 43. Kh4
Rc5 44. Kg3 Ke6 45. Kg4 Rc4 46. Rd2 d4 47. Kg5 Kd5 48. f5 gxf5 49. Kxf5 Rc3
50. h4 Rh3 51. Kg5 Ke4 52. Rf2 d3 53. h5 Ke3 54. Rf7 d2 55. Re7+ Kf2 56.
Rf7+ Ke2 57. Re7+ Re3 0-1

[Event "7th Malaysia Open"]
[Site "Kuala Lumpur MAS"]
[Date "2010.09.02"]
[Round "3"]
[White "Yee Soon Wei"]
[Black "Guo,E"]
[Result "1-0"]
[WhiteElo "2303"]
[BlackElo "1964"]
[EventDate "2010.09.01"]

1. e4 e5 2. Nf3 Nc6 3. Nc3 Nf6 4. d4 exd4 5. Nxd4 Nxd4 6. Qxd4 d6 7. Bf4
Be7 8. O-O-O Nh5 9. Be3 O-O 10. f3 Bg5 11. g4 Nf4 12. Qd2 Ne6 13. f4 Be7
14. Nd5 b6 15. g5 Nc5 16. Qg2 Bb7 17. Nf6+ Kh8 18. Bxc5 bxc5 19. Ng4 Qd7
20. Bd3 Qa4 21. Kb1 c4 22. b3 cxb3 23. cxb3 Qb4 24. Rhe1 a5 25. Qh3 a4 26.
Nf6 Bxf6 27. gxf6 g6 28. Qh6 Rg8 29. Re3 Bc8 30. Bc4 axb3 31. Bxb3 Ra5 32.
f5 Bxf5 33. exf5 Rxf5 34. Rh3 Qe4+ 35. Bc2 Rb8+ 36. Rb3 1-0

[Event "7th Malaysia Open"]
[Site "Kuala Lumpur MAS"]
[Date "2010.09.02"]
[Round "3"]
[White "Milligan,H"]
[Black "Aquino,J"]
[Result "1/2-1/2"]
[WhiteElo "2033"]
[BlackElo "2245"]
[EventDate "2010.09.01"]

1. e4 e6 2. d4 d5 3. Nc3 dxe4 4. Nxe4 Nd7 5. Nf3 Be7 6. Bd3 b6 7. Qe2 Ngf6
8. Nxf6+ Bxf6 9. O-O Bb7 10. c3 O-O 11. Bf4 Re8 12. Rad1 a6 13. Ne5 Nf8 14.
Rfe1 Ng6 15. Bg3 Bxe5 16. dxe5 Qd5 17. f3 Qc5+ 18. Bf2 Qe7 19. Bxg6 hxg6
20. Rd4 Red8 21. Red1 Rxd4 22. Rxd4 Rd8 23. Qd2 Rd5 24. Rxd5 exd5 25. Bg3
c5 26. Qf4 Bc8 27. Bh4 Qe6 28. Qg5 Kh7 29. Bf2 f6 30. exf6 gxf6 31. Qe3 Kg7
32. Qxe6 Bxe6 33. a3 Kf7 34. Kf1 Ke7 35. Ke2 Kd6 36. g4 f5 37. Bg3+ Kc6 38.
h3 a5 39. Kd3 b5 40. Be5 Bf7 41. Ke3 a4 42. Kf4 fxg4 43. fxg4 Be8 44. h4
Kd7 45. Bg7 Ke7 46. Ke5 d4 47. cxd4 cxd4 48. Kxd4 Bd7 49. h5 Bxg4 50. hxg6
Bh5 51. Kc5 Bxg6 52. Kxb5 Bc2 1/2-1/2

[Event "7th Malaysia Open"]
[Site "Kuala Lumpur MAS"]
[Date "2010.09.02"]
[Round "3"]
[White "Uehara,S"]
[Black "Aris,T"]
[Result "0-1"]
[WhiteElo "2013"]
[BlackElo "2241"]
[EventDate "2010.09.01"]

1. e4 e6 2. d4 d5 3. Nc3 Nf6 4. e5 Nfd7 5. f4 c5 6. Nf3 Nc6 7. Be3 cxd4 8.
Nxd4 Bb4 9. Bd3 Nc5 10. O-O Nxd3 11. Qxd3 O-O 12. Nce2 Be7 13. Ng3 g6 14.
Qe2 f6 15. Rad1 Bd7 16. Nxc6 bxc6 17. c4 f5 18. Qf2 Qa5 19. b3 Rfd8 20.
cxd5 cxd5 21. Rc1 Rdc8 22. Rfd1 a6 23. Bb6 Qa3 24. Be3 a5 25. Qd2 Bb4 26.
Qe2 a4 27. Rxc8+ Rxc8 28. bxa4 Qxa4 29. Rc1 Rxc1+ 30. Bxc1 Bc5+ 31. Kh1 Bb5
32. Qd2 d4 33. Ne2 d3 34. Nc3 Qd4 35. Qe1 Bc6 36. Bd2 h6 37. Qb1 Bxg2+ 0-1